Media, culture and development (Record no. 125980)
[ view plain ]
| 000 -LEADER | |
|---|---|
| fixed length control field | 00511nam a22001697a 4500 |
| 005 - DATE AND TIME OF LATEST TRANSACTION | |
| control field | 20170117124046.0 |
| 008 - FIXED-LENGTH DATA ELEMENTS--GENERAL INFORMATION | |
| fixed length control field | 170117b xxu||||| |||| 00| 0 eng d |
| 050 ## - LIBRARY OF CONGRESS CALL NUMBER | |
| Classification number | P90. |
| 100 ## - MAIN ENTRY--PERSONAL NAME | |
| Personal name | Arnsten, Hilde |
| 9 (RLIN) | 28394 |
| 245 ## - TITLE STATEMENT | |
| Title | Media, culture and development |
| Statement of responsibility, etc | by Arnsten, Hilde |
| 260 ## - PUBLICATION, DISTRIBUTION, ETC. (IMPRINT) | |
| Place of publication, distribution, etc | Oslo |
| Name of publisher, distributor, etc | University of Oslo |
| Date of publication, distribution, etc | 1993 |
| 300 ## - PHYSICAL DESCRIPTION | |
| Extent | 249p.; |
| Dimensions | 21cm. |
| 650 ## - SUBJECT ADDED ENTRY--TOPICAL TERM | |
| Topical term or geographic name as entry element | Mall media and culture |
| 9 (RLIN) | 28395 |
| 700 ## - ADDED ENTRY--PERSONAL NAME | |
| Personal name | Arnsten, Hilde |
| Relator term | ed. |
| 9 (RLIN) | 28396 |
| 700 ## - ADDED ENTRY--PERSONAL NAME | |
| Personal name | Drag, Marianne |
| Relator term | ed. |
| 9 (RLIN) | 28397 |
| 942 ## - ADDED ENTRY ELEMENTS (KOHA) | |
| Source of classification or shelving scheme | Library of Congress Classification |
| Item type | Monograph ( Printed materials) |
| Withdrawn status | Lost status | Source of classification or shelving scheme | Damaged status | Not for loan | Collection code | Home library | Current library | Shelving location | Date acquired | Total Checkouts | Full call number | Barcode | Date last seen | Date last borrowed | Copy number | Price effective from | Koha item type |
|---|---|---|---|---|---|---|---|---|---|---|---|---|---|---|---|---|---|
| Library of Congress Classification | Main Collection | ARRUPE LIBRARY | ARRUPE LIBRARY | Main Collection | 17/01/2017 | 1 | P90. | 46500022570 | 26/02/2019 | 15/05/2017 | 1 | 17/01/2017 | Monograph ( Printed materials) | ||||
| Library of Congress Classification | Main Collection | ARRUPE LIBRARY | ARRUPE LIBRARY | Main Collection | 17/01/2017 | 1 | P90. | 46500022571 | 26/02/2019 | 15/05/2017 | 2 | 17/01/2017 | Monograph ( Printed materials) |